<?xml version="1.0" encoding="UTF-8"?>
<record
    xmlns:xsi="http://www.w3.org/2001/XMLSchema-instance"
    xsi:schemaLocation="http://www.loc.gov/MARC21/slim http://www.loc.gov/standards/marcxml/schema/MARC21slim.xsd"
    xmlns="http://www.loc.gov/MARC21/slim">

  <leader>01392nam0a22002651  4500</leader>
  <controlfield tag="001">rc\3550129</controlfield>
  <controlfield tag="005">20260407170728.0</controlfield>
  <datafield tag="021" ind1=" " ind2=" ">
    <subfield code="a">RU</subfield>
    <subfield code="b">[71-18633]</subfield>
  </datafield>
  <datafield tag="035" ind1=" " ind2=" ">
    <subfield code="a">(NLR Aleph) 007674649</subfield>
  </datafield>
  <datafield tag="090" ind1=" " ind2=" ">
    <subfield code="a">6472244</subfield>
    <subfield code="c">6472244</subfield>
  </datafield>
  <datafield tag="100" ind1=" " ind2=" ">
    <subfield code="a">20130115d1971    |||y0rusy50      ca</subfield>
  </datafield>
  <datafield tag="101" ind1="0" ind2=" ">
    <subfield code="a">rus</subfield>
  </datafield>
  <datafield tag="102" ind1=" " ind2=" ">
    <subfield code="a">RU</subfield>
  </datafield>
  <datafield tag="105" ind1=" " ind2=" ">
    <subfield code="a">y   z   |||||</subfield>
  </datafield>
  <datafield tag="200" ind1="1" ind2=" ">
    <subfield code="a">[&#x420;&#x435;&#x448;&#x435;&#x43D;&#x438;&#x435;]</subfield>
    <subfield code="f">&#x426;&#x435;&#x43D;&#x442;&#x440;. &#x43F;&#x440;&#x430;&#x432;&#x43B;. &#x41D;&#x430;&#x443;&#x447;.-&#x442;&#x435;&#x445;&#x43D;. &#x433;&#x43E;&#x440;&#x43D;&#x43E;&#x433;&#x43E; &#x43E;-&#x432;&#x430;. &#x426;&#x435;&#x43D;&#x442;&#x440;. &#x43A;&#x43E;&#x43C;&#x438;&#x441;. &#x43F;&#x43E; &#x431;&#x43E;&#x440;&#x44C;&#x431;&#x435; &#x441; &#x441;&#x438;&#x43B;&#x438;&#x43A;&#x43E;&#x437;&#x43E;&#x43C;. &#x412;&#x441;&#x435;&#x441;&#x43E;&#x44E;&#x437;. &#x43D;&#x430;&#x443;&#x447;.-&#x442;&#x435;&#x445;&#x43D;. &#x441;&#x43E;&#x432;&#x435;&#x449;&#x430;&#x43D;&#x438;&#x435; &#x43F;&#x43E; &#x431;&#x43E;&#x440;&#x44C;&#x431;&#x435; &#x441; &#x43F;&#x44B;&#x43B;&#x44C;&#x44E; &#x438; &#x43F;&#x440;&#x43E;&#x444;&#x438;&#x43B;&#x430;&#x43A;&#x442;&#x438;&#x43A;&#x435; &#x437;&#x430;&#x431;&#x43E;&#x43B;&#x435;&#x432;&#x430;&#x43D;&#x438;&#x439; &#x43F;&#x43D;&#x435;&#x432;&#x43C;&#x43E;&#x43A;&#x43E;&#x43D;&#x438;&#x43E;&#x437;&#x43E;&#x43C; &#x440;&#x430;&#x431;&#x43E;&#x447;&#x438;&#x445;, &#x437;&#x430;&#x43D;&#x44F;&#x442;&#x44B;&#x445; &#x432; &#x433;&#x43E;&#x440;&#x43D;&#x43E;&#x439; &#x43F;&#x440;&#x43E;&#x43C;-&#x441;&#x442;&#x438;. 17-19 &#x43D;&#x43E;&#x44F;&#x431;&#x440;&#x44F; 1970 &#x433;. &#x428;&#x430;&#x445;&#x442;&#x44B;</subfield>
  </datafield>
  <datafield tag="210" ind1=" " ind2=" ">
    <subfield code="a">&#x41C;&#x43E;&#x441;&#x43A;&#x432;&#x430;</subfield>
    <subfield code="c">&#x411;. &#x438;.</subfield>
    <subfield code="d">1971</subfield>
  </datafield>
  <datafield tag="215" ind1=" " ind2=" ">
    <subfield code="a">17 &#x441;.</subfield>
    <subfield code="d">20</subfield>
  </datafield>
  <datafield tag="532" ind1="1" ind2="3">
    <subfield code="a">&#x420;&#x435;&#x448;&#x435;&#x43D;&#x438;&#x435;</subfield>
  </datafield>
  <datafield tag="606" ind1=" " ind2=" ">
    <subfield code="a">&#x412;&#x43E;&#x437;&#x434;&#x443;&#x445; &#x432; &#x440;&#x443;&#x434;&#x43D;&#x438;&#x43A;&#x430;&#x445;</subfield>
    <subfield code="x">&#x41E;&#x431;&#x435;&#x441;&#x43F;&#x44B;&#x43B;&#x438;&#x432;&#x430;&#x43D;&#x438;&#x435;</subfield>
    <subfield code="2">psbo</subfield>
  </datafield>
  <datafield tag="710" ind1="1" ind2="2">
    <subfield code="a">&#x412;&#x441;&#x435;&#x441;&#x43E;&#x44E;&#x437;&#x43D;&#x43E;&#x435; &#x43D;&#x430;&#x443;&#x447;&#x43D;&#x43E;-&#x442;&#x435;&#x445;&#x43D;&#x438;&#x447;&#x435;&#x441;&#x43A;&#x43E;&#x435; &#x441;&#x43E;&#x432;&#x435;&#x449;&#x430;&#x43D;&#x438;&#x435; &#x43F;&#x43E; &#x431;&#x43E;&#x440;&#x44C;&#x431;&#x435; &#x441; &#x43F;&#x44B;&#x43B;&#x44C;&#x44E; &#x438; &#x43F;&#x440;&#x43E;&#x444;&#x438;&#x43B;&#x430;&#x43A;&#x442;&#x438;&#x43A;&#x435; &#x437;&#x430;&#x431;&#x43E;&#x43B;&#x435;&#x432;&#x430;&#x43D;&#x438;&#x439; &#x43F;&#x43D;&#x435;&#x432;&#x43C;&#x43E;&#x43A;&#x43E;&#x43D;&#x438;&#x43E;&#x437;&#x43E;&#x43C; &#x440;&#x430;&#x431;&#x43E;&#x447;&#x438;&#x445;, &#x437;&#x430;&#x43D;&#x44F;&#x442;&#x44B;&#x445; &#x432; &#x433;&#x43E;&#x440;&#x43D;&#x43E;&#x439; &#x43F;&#x440;&#x43E;&#x43C;&#x44B;&#x448;&#x43B;&#x435;&#x43D;&#x43D;&#x43E;&#x441;&#x442;&#x438;</subfield>
    <subfield code="f">1970</subfield>
    <subfield code="e">&#x428;&#x430;&#x445;&#x442;&#x44B;</subfield>
    <subfield code="3">RU\NLR\AUTH\8810106769</subfield>
    <subfield code="9">713736</subfield>
  </datafield>
  <datafield tag="801" ind1=" " ind2="0">
    <subfield code="a">RU</subfield>
    <subfield code="b">NLR</subfield>
    <subfield code="g">psbo</subfield>
  </datafield>
  <datafield tag="801" ind1=" " ind2="1">
    <subfield code="a">RU</subfield>
    <subfield code="b">ELAR</subfield>
    <subfield code="2">rusmarc</subfield>
  </datafield>
  <datafield tag="852" ind1=" " ind2=" ">
    <subfield code="a">NLR</subfield>
    <subfield code="j">71-4/5519</subfield>
  </datafield>
  <datafield tag="942" ind1=" " ind2=" ">
    <subfield code="c">BOOK</subfield>
  </datafield>
  <datafield tag="980" ind1=" " ind2=" ">
    <subfield code="a">NB</subfield>
  </datafield>
  <datafield tag="995" ind1=" " ind2=" ">
    <subfield code="5">2013-10-26</subfield>
    <subfield code="b">NLR01</subfield>
    <subfield code="c">NLR01</subfield>
    <subfield code="e">RF31</subfield>
    <subfield code="f">7674649-10</subfield>
    <subfield code="k">71-4/5519</subfield>
    <subfield code="o">0</subfield>
    <subfield code="r">BOOK</subfield>
    <subfield code="s">7145519_</subfield>
  </datafield>
</record>
